000 00386nam a22001337a 4500
020 _qHB.
040 _cFIZZA ISHAQ
082 _a821.914
_bSAG
100 _a Sagar, Tariq Ismail.
_967184
245 _aRAW : Research and Analysis Wing /
_cTariq Ismail Sagar.
260 _aLAHORE PAKISTAN:
_b GHQ, Services Book Club,
_c1998.
300 _a240 P. ;
_c8.3 X 5.6 inches
942 _2ddc
_cBK
999 _c616846
_d616846